000 01414namaa2200337 i 4500
003 EG-GICUC
005 20260510131054.0
008 260510s1997 le ||||gr|||| 000 0 ara d
040 _aEG-GiCUC
_bara
_cEG-GiCUC
_dEG-GiCUC
_erda
082 0 4 _221
_a259
_bT962
092 0 4 _221
_a259
_bT962
099 _a259 T962
100 1 _aالطرطوشي، محمد بن الوليد،
_d1059 أو 1060-1126 أو 1127
_eمؤلف.
245 1 0 _aرسالة فى تحريم الجبن الرومى وكتاب تحريم الغناء والسماع /
_cتأليف أبو بكر محمد بن الوليد الطرطوشى ؛ حققهما و قدم لهما وو ضع فهارسهما عبد المجيد تركى.
250 _aالطبعة الأولى.
264 _aبيروت :
_bدار الغرب الإسلامي،
_c1997.
300 _a390 ؛ صفحة
_c24 سم
336 _2rdacontent
_atext
337 _2rdamedia
_aUnmediated
338 _2rdacarrier
_avolume
504 _a383-375 ببليوجرافيا: صفحات.
541 _aد. جابر عصفور ؛
_bالقاهرة ؛
_cإهداء ؛
_d2024.
650 1 _a‪الفتاوى الشرعية.
_2qrmak
650 1 _a‪الموسيقى.
650 1 _a‪الأغذية.
650 1 _a‪الفقه الإسلامي.
651 1 _2qrmak
700 1 _aتركي، عبد المجيد
_910786
_eمحقق.
905 _aAsmaa
942 _2ddc
_cBK
_e21
_n0
999 _c180073
_d180073